Mr Bungle Songs - Statistics

General Stats
  • This quiz has been taken 11 times
  • The average score is 9 of 15
Answer Stats
Album, Track Number Song % Correct
Mr. Bungle, Track 5 Egg
89%
Mr. Bungle, Track 1 Quote Unquote
89%
Mr. Bungle, Track 10 Dead Goon
78%
California, Track 1 Sweet Charity
78%
Disco Volante, Track 1 Everyone I went to high school with is dead
67%
Mr. Bungle, Track 8 Girls of Porn
67%
California, Track 3 Retrovertigo
67%
Mr. Bungle, Track 6 Stubb (A Dub)
67%
California, Track 7 Golem II
56%
California, Track 9 Vanity Fair
56%
California, Track 5 Ars Moriendi
44%
Disco Volante, Track 4 Desert Search for Techno Allah
44%
Disco Volante, Track 12 Merry Go Bye Bye
44%
Disco Volante, Track 11 Platypus
33%
Disco Volante, Track 8 Ma Meeshka Mow Skwoz
22%
No matching quizzes found
Score Distribution
Percent of People with Each Score
Percentile by Number Answered
Your Score History
You have not taken this quiz